La verdad tiene su hora
Salvato in:
| Autore principale: | |
|---|---|
| Natura: | Libro |
| Lingua: | spagnolo |
| Pubblicazione: |
Santiago
Del Pacífico
1956
|
| Edizione: | 5a. ed |
| Serie: | Biblioteca de Política
|
| Soggetti: | |
| Tags: |
Aggiungi Tag
Nessun Tag, puoi essere il primo ad aggiungerne!!
|
MARC
| LEADER | 00000nam a2200000 a 4500 | ||
|---|---|---|---|
| 001 | UCZ9495 | ||
| 003 | CL-VaPUC | ||
| 008 | 960308e19560000CL |||||||||||||||||spa|d | ||
| 082 | 0 | 4 | |a 320.483 |b FRE |2 21 |
| 100 | |a Frei Montalva, Eduardo |e author |9 255811 | ||
| 245 | 1 | 3 | |a La verdad tiene su hora |
| 250 | |a 5a. ed | ||
| 300 | |a 165 p | ||
| 942 | |c BK | ||
| 945 | |d 19960308 00:00:00 |a rleighto | ||
| 260 | |a Santiago |b Del Pacífico |c 1956 | ||
| 650 | 0 | |a Política y gobierno |9 255151 | |
| 650 | 0 | |a Gobierno |9 255508 | |
| 650 | 0 | |a Socialismo |9 255260 | |
| 650 | 0 | |a Democracia |9 255256 | |
| 651 | 7 | |a CHILE |2 CL-VaPUC |9 354512 | |
| 583 | |a last modification |c 19960308 00:00:00 |k Rodrigo Vera | ||
| 490 | 0 | |a Biblioteca de Política | |
| 999 | |c 244796 |d 244794 | ||
| 952 | |0 0 |1 0 |4 0 |6 320_483000000000000_FRE_1956 |7 0 |8 A |9 258992 |a BIBHIS |b BIBHIS |d 2019-11-19 |i 3173615 |o 320.483 FRE 1956 |p 3173615 |r 2025-01-20 |w 2019-11-19 |y BK |k HIS | ||